30 Nachkommastellen von e in 30 Sekunden - Statistiken

Allgemein
  • Dieses Quiz wurde 337 mal gespielt
    126 seit der letzten Aktualisierung
  • Das Durchschnittsergebnis liegt bei 13 aus 30
Antwortstatistiken
% Korrekt
7
100%
1
94%
8
94%
1
88%
2
88%
8
88%
8
82%
2
65%
8
65%
4
59%
5
59%
9
53%
0
41%
4
41%
2
35%
5
35%
3
29%
3
18%
5
18%
6
18%
0
12%
1
12%
2
12%
3
12%
4
12%
7
12%
7
12%
8
12%
2
6%
5
6%
Keine übereinstimmenden Quizze gefunden
Verteilung der Resultate
Anzahl Personen mit jedem Resultat
Perzentil nach korrekt beantworteten Fragen
Ihre Resultats-Entwicklung
Sie haben dieses Quiz seit der letzten Aktualisierung nicht gespielt